[Event "GER Cup Net V2 U2000"]
[Site "Playchess.com INT"]
[Date "2020.05.22"]
[Round "4"]
[White "Hofmann, Matthias1111"]
[Black "Hasic, Mirza"]
[Result "0-1"]
[WhiteElo "1622"]
[BlackElo "1747"]
[PlyCount "90"]
[EventDate "2020.05.22"]
[EventType "swiss (blitz)"]
[EventRounds "9"]
[EventCountry "GER"]
[SourceTitle "EXT 2021"]
[Source "ChessBase"]
[SourceDate "2020.10.23"]
[SourceVersion "1"]
[SourceVersionDate "2020.10.23"]
[SourceQuality "1"]

1. e4 e5 2. Nc3 d6 3. f4 Nd7 4. Nf3 Ngf6 5. Bc4 Be7 6. d3 0-0 7. 0-0 c6 8. a4 b6 9. fxe5 Nxe5 10. Nxe5 dxe5 11. Bg5 Bg4 12. Qd2 a6 13. h3 Bh5 14. Rf5 Bg6 15. Rxe5 Qd4+ 16. Be3 Qxe5 17. Bxb6 Bc5+ 18. Bxc5 Qxc5+ 19. Kh1 a5 20. Rf1 Rab8 21. b3 Nd7 22. Qe2 Ne5 23. Nd1 Nxc4 24. bxc4 Qb4 25. Ne3 Qxa4 26. h4 f6 27. h5 Be8 28. Nf5 Rb7 29. Qg4 Qxc2 30. Nh6+ Kh8 31. Qc8 Rb2 32. Qg4 gxh6 33. Rg1 Qe2 34. Qf5 Qf2 35. Qe6 Qh4+ 36. Qh3 Qxh3+ 37. gxh3 Bxh5 38. Ra1 Ra8 39. d4 a4 40. d5 a3 41. dxc6 a2 42. Rg1 Rb1 43. Kg2 Rxg1+ 44. Kxg1 a1Q+ 45. Kg2 Qc3 0-1

[Event "GER Cup Net V1 U2000"]
[Site "Playchess.com INT"]
[Date "2020.05.19"]
[Round "8"]
[White "Hasic, Mirza"]
[Black "Kakoschke, Dieter"]
[Result "1/2-1/2"]
[WhiteElo "1722"]
[BlackElo "1800"]
[PlyCount "106"]
[EventDate "2020.05.19"]
[EventType "swiss (blitz)"]
[EventRounds "9"]
[EventCountry "GER"]
[SourceTitle "EXT 2021"]
[Source "ChessBase"]
[SourceDate "2020.10.23"]
[SourceVersion "1"]
[SourceVersionDate "2020.10.23"]
[SourceQuality "1"]

1. d4 d5 2. c4 c6 3. Nf3 Nf6 4. Nc3 a6 5. e3 b5 6. cxd5 cxd5 7. Bd3 e6 8. 0-0 Bb7 9. a3 Be7 10. Ne5 Nbd7 11. f4 Rc8 12. Bd2 0-0 13. Qe1 Nb6 14. Rf3 Nc4 15. Bxc4 dxc4 16. Rh3 Ne4 17. Qe2 Nxc3 18. Bxc3 Be4 19. Rf1 a5 20. Qe1 b4 21. axb4 axb4 22. Bxb4 Bxb4 23. Qxb4 Qc7 24. Qc3 Rb8 25. Qxc4 Qxc4 26. Nxc4 Rfc8 27. Nd6 Bf5 28. Nxc8 Bxh3 29. Ne7+ Kf8 30. Ng6+ hxg6 31. gxh3 Rxb2 32. Rf2 Rb3 33. Re2 Ke7 34. Kg2 Kf6 35. Kf3 g5 36. fxg5+ Kxg5 37. Rg2+ Kf6 38. h4 g6 39. Ke4 Ra3 40. Rf2+ Ke7 41. Rg2 Ra5 42. Kf3 Rh5 43. Kg4 f5+ 44. Kh3 Kf6 45. Rg3 e5 46. dxe5+ Kxe5 47. Rxg6 Ke4 48. Re6+ Kf3 49. Re8 Rh6 50. Re5 Rh5 51. Re8 Rh6 52. Rf8 Ke4 53. Re8+ Kf3 1/2-1/2

[Event "BL2-Nord 1718"]
[Site "Germany"]
[Date "2018.02.25"]
[Round "7.7"]
[White "Dudzinski, Pawel"]
[Black "Hasic, Mirza"]
[Result "1/2-1/2"]
[WhiteElo "2238"]
[BlackElo "2016"]
[PlyCount "44"]
[EventDate "2017.10.08"]
[EventType "team-tourn"]
[EventRounds "9"]
[EventCountry "GER"]
[SourceTitle "CBM 183 Extra"]
[Source "ChessBase"]
[SourceDate "2018.04.19"]
[SourceVersion "1"]
[SourceVersionDate "2018.04.19"]
[SourceQuality "1"]
[WhiteTeam "Glueck Auf Ruedersdorf"]
[BlackTeam "Zehlendorf"]
[WhiteTeamCountry "GER"]
[BlackTeamCountry "GER"]

1. e4 d6 2. Nc3 e5 3. d4 Nd7 4. Nf3 Ngf6 5. Bc4 Be7 6. Ng5 0-0 7. Bxf7+ Rxf7 8. Ne6 Qe8 9. Nxc7 Qd8 10. Nxa8 b5 11. dxe5 Nxe5 12. Nd5 Nxd5 13. Qxd5 Bh4 14. Be3 Qa5+ 15. c3 Nc4 16. 0-0 Bb7 17. Qe6 Bxa8 18. b3 Nb6 19. Qe8+ Rf8 20. Qe6+ Rf7 21. Qe8+ Rf8 22. Qe6+ Rf7 1/2-1/2

[Event "Berlin Lieb Memorial 3rd"]
[Site "Berlin"]
[Date "2017.06.15"]
[Round "4"]
[White "Hasic, Mirza"]
[Black "Fanin, Erik"]
[Result "1-0"]
[WhiteElo "2031"]
[BlackElo "1772"]
[PlyCount "65"]
[EventDate "2017.05.11"]
[EventType "swiss"]
[EventRounds "7"]
[EventCountry "GER"]
[SourceTitle "CBM 189 Extra"]
[Source "ChessBase"]
[SourceDate "2019.06.03"]
[SourceVersion "1"]
[SourceVersionDate "2019.06.03"]
[SourceQuality "1"]

1. d4 Nf6 2. Bg5 Ne4 3. Bf4 c5 4. f3 Qa5+ 5. c3 Nf6 6. d5 d6 7. e4 Qb6 8. Qb3 Nbd7 9. Nd2 g6 10. Nh3 Bg7 11. Nf2 0-0 12. Be2 Nh5 13. Bg5 Re8 14. g4 Nhf6 15. h4 Ne5 16. Qc2 e6 17. f4 Ned7 18. dxe6 fxe6 19. h5 Nf8 20. Nc4 Qc7 21. 0-0-0 d5 22. e5 dxc4 23. exf6 Bxf6 24. Ne4 Bxg5 25. fxg5 Nd7 26. hxg6 Qf4+ 27. Kb1 hxg6 28. Rxd7 Bxd7 29. Nf6+ Kf8 30. Qxg6 Qe3 31. Rh8+ Ke7 32. Qg7+ Kd6 33. Qxd7+ 1-0

[Event "Berlin Eckbauer op 16th"]
[Site "Berlin"]
[Date "2013.11.18"]
[Round "7"]
[White "Hasic, Mirza"]
[Black "Kohler, Thomas"]
[Result "0-1"]
[WhiteElo "1928"]
[BlackElo "2239"]
[PlyCount "54"]
[EventDate "2013.10.07"]
[EventType "swiss"]
[EventRounds "7"]
[EventCountry "GER"]
[SourceTitle "EXT 2022"]
[Source "ChessBase"]
[SourceDate "2021.10.06"]
[SourceVersion "1"]
[SourceVersionDate "2021.10.06"]
[SourceQuality "1"]

1. b3 e5 2. c4 d6 3. Bb2 Nf6 4. e3 Nbd7 5. a3 g6 6. g3 Bg7 7. Bg2 0-0 8. d3 c6 9. Nf3 Re8 10. Nbd2 a6 11. Rc1 b6 12. 0-0 Bb7 13. Qc2 Rc8 14. Qb1 Qe7 15. Rfe1 Nh5 16. b4 f5 17. e4 f4 18. d4 exd4 19. e5 fxg3 20. hxg3 c5 21. bxc5 dxc5 22. e6 Ndf6 23. Ba1 Rb8 24. Bh3 Bh6 25. Rcd1 Bxd2 26. Nxd2 Qd6 27. Kh2 Nf4 0-1